Pays avec le plus de médailles par habitant aux Jeux Olympiques 2021 - Statistiques

Statistiques générales
  • Ce quiz a été pris 84 fois
  • Le résultat moyen est 56 sur 93
Statistiques - réponses
Nombre d'habitants par médaille Or Argent Bronze Réponse % Correct
2 000 000 10 12 11 France
99%
2 900 000 39 41 33 États-Unis
95%
16 400 000 38 32 18 Chine
92%
2 100 000 20 28 23 Comité Olympique Russe
91%
1 100 000 3 6 0 Suède
91%
2 200 000 27 14 17 Japon
89%
10 200 000 7 6 8 Brésil
87%
1 600 000 7 6 11 Canada
85%
2 700 000 3 8 6 Espagne
85%
37 300 000 1 0 0 Maroc
85%
683 250 4 2 2 Norvège
85%
15 200 000 0 1 2 Argentine
84%
560 609 17 7 22 Australie
84%
2 800 000 0 0 2 Finlande
84%
1 000 000 22 21 22 Royaume-Uni
84%
2 300 000 10 11 16 Allemagne
80%
1 500 000 10 10 20 Italie
80%
2 500 000 1 1 2 Portugal
80%
199 100 000 1 2 4 Inde
78%
528 455 3 4 4 Danemark
77%
481 700 6 7 7 Hongrie
76%
32 600 000 0 0 4 Mexique
76%
2 700 000 4 5 5 Pologne
76%
670 385 3 4 6 Suisse
76%
1 700 000 3 1 3 Belgique
75%
1 200 000 2 0 2 Irlande
75%
477 028 10 12 14 Pays-Bas
75%
20 000 000 1 2 0 Afrique du Sud
73%
2 600 000 2 1 1 Grèce
73%
2 600 000 6 4 10 Corée du Sud
72%
415 800 3 1 1 Slovénie
72%
2 300 000 1 6 12 Ukraine
72%
510 250 3 3 2 Croatie
71%
330 333 4 1 4 Jamaïque
71%
243 050 7 6 7 Nouvelle-Zélande
71%
6 000 000 1 1 0 Tunisie
71%
6 500 000 2 2 9 Turquie
70%
2 700 000 0 1 0 Lituanie
68%
966 444 3 1 5 Serbie
68%
1 400 000 1 2 1 Slovaquie
68%
5 500 000 4 4 2 Kenya
67%
933 500 1 0 1 Lettonie
67%
662 500 1 0 1 Estonie
66%
29 500 000 1 1 2 Éthiopie
66%
4 800 000 1 3 0 Roumanie
66%
1 300 000 1 1 5 Autriche
65%
10 300 000 0 4 1 Colombie
63%
975 000 4 4 3 République Tchèque
63%
17 400 000 1 1 4 Égypte
62%
55 300 000 1 1 3 Indonésie
61%
2 400 000 0 0 8 Kazakhstan
61%
1 100 000 3 1 2 Bulgarie
59%
12 100 000 3 2 2 Iran
59%
2 200 000 2 0 2 Israël
59%
1 300 000 1 3 3 Biélorussie
58%
105 700 000 0 1 1 Nigeria
58%
35 000 000 1 0 1 Thaïlande
58%
754 467 7 3 5 Cuba
57%
4 000 000 0 0 1 Moldavie
56%
977 000 2 0 1 Qatar
56%
6 000 000 2 1 0 Équateur
53%
451 500 1 0 1 Fidji
53%
7 200 000 1 3 0 Venezuela
53%
35 300 000 0 1 0 Arabie Saoudite
52%
742 000 0 2 2 Arménie
52%
6 800 000 3 0 2 Ouzbékistan
51%
497 500 2 5 1 Géorgie
49%
1 500 000 0 3 4 Azerbaïdjan
48%
27 100 000 0 0 1 Côte d'Ivoire
48%
2 100 000 0 1 0 Macédoine du Nord
46%
960 039 2 0 0 Kosovo
44%
16 400 000 0 1 1 Malaisie
44%
832 250 0 1 3 Mongolie
44%
27 800 000 1 2 1 Philippines
43%
6 100 000 0 1 0 Turkménistan
42%
2 200 000 0 3 2 République Dominicaine
41%
2 200 000 0 2 1 Kirghizistan
39%
198 500 2 0 0 Bahamas
38%
5 100 000 0 1 1 Jordanie
38%
18 300 000 0 0 1 Syrie
38%
1 700 000 0 1 0 Bahreïn
34%
113 000 0 0 1 Grenade
33%
2 000 000 2 4 6 Taïwan
32%
4 300 000 0 0 1 Koweït
30%
11 800 000 2 1 1 Ouganda
30%
31 700 000 0 0 1 Ghana
29%
11 333 0 1 2 Saint-Marin
27%
2 400 000 0 0 1 Botswana
25%
2 600 000 0 1 0 Namibie
25%
21 500 000 0 0 1 Burkina Faso
24%
1 300 000 1 2 3 Hong Kong
16%
2 800 000 1 0 0 Porto Rico
11%
63 900 1 0 0 Bermudes
6%
Aucun quiz correspondant
Distribution des résultats
% des personnes avec chaque résultat
Percentile par nombre de réponses
Votre historique - résultats
Vous n’avez pas pris ce quiz